Rey: test de copia y de reproducción de memoria de figuras geométricas complejas. Manual

Gardado en:
Detalles Bibliográficos
Autor Principal: Rey, André (Author)
Formato: Libro
Idioma:Lingua castelá
Publicado: Madrid TEA 1999
Edición:7a. ed
Series:Publicaciones de Psicología Aplicada. Serie Menor, 93
Subjects:
Tags: Engadir etiqueta
Sen Etiquetas, Sexa o primeiro en etiquetar este rexistro!

MARC

LEADER 00000nam a2200000 a 4500
001 UCM2925
003 CL-VaPUC
008 020621e19990000SP |||||||||||||||||spa|d
082 0 4 |a 153.1  |b REY  |2 21 
100 0 |a Rey, André  |e author  |9 469687 
245 1 0 |a Rey: test de copia y de reproducción de memoria de figuras geométricas complejas. Manual 
250 |a 7a. ed 
300 |a 43 p 
942 |c BK 
945 |d 20020621 00:00:00  |a cmena 
260 |a Madrid  |b TEA  |c 1999 
500 |a Anexo: 25 hojas de anotación del test 
650 0 |a Memoria  |9 266549 
650 0 |a Procesos mentales superiores  |9 330839 
650 0 |a Percepción visual  |9 267039 
650 0 |a Figuras geométricas   |9 347994 
583 |a last modification  |c 20020621 00:00:00  |k Rodrigo Vera 
490 0 |a Publicaciones de Psicología Aplicada. Serie Menor, 93 
999 |c 300541  |d 300539 
952 |0 0  |1 0  |4 0  |6 153_100000000000000_REY_1999  |7 0  |8 R  |9 358440  |a BIBEDU  |b BIBEDU  |c MCIRC  |d 2019-11-21  |i 3820440  |l 2  |o 153.1 REY 1999  |p 3820440  |r 2024-12-04  |s 2024-12-02  |w 2019-11-21  |y BK_R  |k PSI